[Event "Bayern-chTT (RL Nord-West)"]
[Site "Bayern 2008/09"]
[Date "2009.01.18"]
[Round "5.6"]
[White "Urytskyy, Michael"]
[Black "Vojtech, Jaroslav"]
[Result "1-0"]
[WhiteElo "2002"]
[BlackElo "2131"]
[PlyCount "81"]
[EventDate "2009.03.??"]
[EventType "team-tourn"]
[EventRounds "9"]
[WhiteTeam "Hof 1"]
[BlackTeam "Bindlach 2"]

1. e4 e5 2. d4 exd4 3. c3 d5 4. exd5 Qxd5 5. cxd4 Nc6 6. Nf3 Bg4 7. Be2 Bb4+ 8.
Nc3 Bxf3 9. Bxf3 Qc4 10. Bxc6+ bxc6 11. Qe2+ Qxe2+ 12. Kxe2 O-O-O 13. Rd1 Ne7
14. Be3 Rhe8 15. Rac1 Nf5 16. g4 Nxd4+ 17. Kf1 c5 18. a3 Bxc3 19. Rxc3 Ne6 20.
Rdc1 Rd5 21. Rc4 Red8 22. Bxc5 Nxc5 23. Rxc5 Rxc5 24. Rxc5 Rd2 25. b4 Ra2 26.
Rc3 Kd7 27. Kg2 h6 28. h4 g6 29. g5 hxg5 30. hxg5 Kd6 31. Kf3 Ke5 32. Rc5+ Kd6
33. Ra5 Ra1 34. Rxa7 Ra2 35. Ke3 Ra1 36. Ra6+ Kd7 37. b5 Re1+ 38. Kf4 Rb1 39.
a4 Rb3 40. Ke5 Rb1 41. Kf6 1-0

[Event "Bayern-chTT (RL Nord-West)"]
[Site "Bayern 2008/09"]
[Date "2009.01.18"]
[Round "5.7"]
[White "Hennigs, Stefan"]
[Black "Scheidt, Joerg Dr"]
[Result "0-1"]
[WhiteElo "1928"]
[BlackElo "1975"]
[PlyCount "94"]
[EventDate "2009.03.??"]
[EventType "team-tourn"]
[EventRounds "9"]
[WhiteTeam "Bindlach 2"]
[BlackTeam "Hof 1"]

1. e4 e6 2. d4 c5 3. Nf3 cxd4 4. Nxd4 Bc5 5. Nc3 Ne7 6. Bf4 Qb6 7. Na4 Qa5+ 8.
c3 Bxd4 9. Qxd4 e5 10. Qxe5 Qxa4 11. Bd3 f6 12. Qh5+ Ng6 13. Bd6 Qc6 14. Bb4
Na6 15. Ba3 b6 16. O-O-O Nc5 17. Bc4 Bb7 18. Bd5 Qc7 19. Bxc5 bxc5 20. Bxb7
Qxb7 21. Qxc5 Qb6 22. Qd5 Qc6 23. Qf5 Rb8 24. f4 Qb5 25. Qxb5 Rxb5 26. g3 Ke7
27. Rd4 Rhb8 28. Rhd1 R8b7 29. b3 Nf8 30. Kc2 Ne6 31. Rd5 Rxd5 32. Rxd5 g5 33.
f5 Nd8 34. c4 Nc6 35. Kc3 h5 36. h3 Ne5 37. b4 d6 38. a4 Rc7 39. Rd4 Rc8 40.
Kb3 a5 41. b5 Nd7 42. Rd1 Nc5+ 43. Kc3 Kd7 44. Kd4 Re8 45. Re1 Nxa4 46. Ra1 Nc5
47. Re1 a4 0-1

[Event "Bayern-chTT (RL Nord-West)"]
[Site "Bayern 2008/09"]
[Date "2009.01.18"]
[Round "5.8"]
[White "Schleupner, Kurt"]
[Black "Bierhahn, Michael"]
[Result "1-0"]
[WhiteElo "1877"]
[BlackElo "1925"]
[PlyCount "103"]
[EventDate "2009.03.??"]
[EventType "team-tourn"]
[EventRounds "9"]
[WhiteTeam "Hof 1"]
[BlackTeam "Bindlach 2"]

1. e4 e5 2. Nf3 Nf6 3. Nxe5 Qe7 4. d4 d6 5. Nf3 Qxe4+ 6. Be2 Be7 7. Nc3 Qf5 8.
h3 O-O 9. Be3 c6 10. Qd2 Qa5 11. a3 b5 12. O-O Bf5 13. Bf4 Qb6 14. Rfe1 Re8 15.
d5 Be4 16. Be3 Qb7 17. Nxe4 Nxe4 18. Qd3 cxd5 19. Qxb5 Qxb5 20. Bxb5 Rc8 21. c3
Nc6 22. Rad1 Nf6 23. Bg5 Ne5 24. Nxe5 dxe5 25. Rxe5 Rab8 26. Rxe7 Rxb5 27. Bxf6
gxf6 28. Rd2 Ra5 29. Rd7 Rb8 30. Re7 Kf8 31. Ree2 Rab5 32. Kf1 R8b6 33. Rc2 Re6
34. Red2 Ke7 35. f3 a6 36. Kf2 f5 37. b4 Rd6 38. c4 dxc4 39. Rxd6 Kxd6 40. Rxc4
a5 41. Kg3 Kd5 42. Rh4 axb4 43. axb4 f6 44. Rf4 Ke5 45. Rc4 Ke6 46. Kf4 Rb8 47.
Rc6+ Ke7 48. Kxf5 Rb5+ 49. Rc5 Rxb4 50. Rc7+ Kd6 51. Rxh7 Rb2 52. Rg7 1-0

[Event "Bayern-chTT (RL Nord-West)"]
[Site "Bayern 2008/09"]
[Date "2009.02.01"]
[Round "6.1"]
[White "Loew, Gerald"]
[Black "Kannenberg, Karl-Heinz"]
[Result "1/2-1/2"]
[WhiteElo "2244"]
[BlackElo "2132"]
[PlyCount "99"]
[EventDate "2009.03.??"]
[EventType "team-tourn"]
[EventRounds "9"]
[WhiteTeam "Bindlach 2"]
[BlackTeam "Kitzingen 1"]

1. c4 e5 2. g3 Nf6 3. Bg2 Be7 4. Nf3 Nc6 5. O-O O-O 6. d4 d6 7. Nc3 exd4 8.
Nxd4 Bd7 9. h3 Nxd4 10. Qxd4 Bc6 11. e4 a5 12. Be3 Qc8 13. f4 Re8 14. Kh2 Nd7
15. Nd5 Bxd5 16. cxd5 Bf6 17. Qd2 b6 18. Rfe1 Nc5 19. Qc2 Qd7 20. Rad1 Qb5 21.
b3 a4 22. e5 axb3 23. axb3 Be7 24. Rb1 Qd3 25. Qxd3 Nxd3 26. Red1 Nc5 27. b4
Nd7 28. Rbc1 Ra7 29. e6 Nf8 30. f5 h6 31. Rc2 Rb8 32. Rdc1 Rbb7 33. h4 Nh7 34.
Kh3 g5 35. Bd4 Bf6 36. Be3 Kf8 37. Kg4 Ke7 38. Kh5 gxh4 39. gxh4 Be5 40. Kxh6
Nf6 41. Bg5 Kf8 42. Re1 Rb8 43. Bf3 Ke7 44. exf7 Kxf7 45. Bh5+ Ke7 46. Rxe5+
dxe5 47. Rc6 Rh8+ 48. Kg6 Rg8+ 49. Kh6 Rh8+ 50. Kg6 1/2-1/2

[Event "Bayern-chTT (RL Nord-West)"]
[Site "Bayern 2008/09"]
[Date "2009.02.01"]
[Round "6.2"]
[White "Kunz, Konstantin"]
[Black "Helbig, Uwe"]
[Result "1/2-1/2"]
[WhiteElo "2185"]
[BlackElo "2224"]
[PlyCount "110"]
[EventDate "2009.03.??"]
[EventType "team-tourn"]
[EventRounds "9"]
[WhiteTeam "Kitzingen 1"]
[BlackTeam "Bindlach 2"]

1. d4 d6 2. Nf3 Bg4 3. e4 g6 4. c3 Nd7 5. Nbd2 c6 6. h3 Bxf3 7. Nxf3 Bg7 8. Bd3
e5 9. O-O Ngf6 10. dxe5 dxe5 11. Be3 O-O 12. b4 Qe7 13. Qb3 a5 14. a4 h6 15.
Nd2 Rfb8 16. Rfb1 Bf8 17. Qc2 Ne8 18. Nc4 axb4 19. cxb4 Nc7 20. Be2 Ne6 21. Bg4
h5 22. Bxe6 Qxe6 23. Ra3 b5 24. axb5 cxb5 25. Na5 Rc8 26. Rc3 Rxc3 27. Qxc3 Nf6
28. f3 Rc8 29. Qd2 Qd7 30. Qe1 Qd3 31. Nb7 Qc3 32. Nc5 Qxe1+ 33. Rxe1 Ra8 34.
Rd1 Kg7 35. g4 hxg4 36. hxg4 Be7 37. g5 Nh7 38. Rd7 Kf8 39. Rb7 Bxg5 40. Nd7+
Kg7 41. Bxg5 Nxg5 42. Nxe5 Re8 43. f4 Nxe4 44. Rxf7+ Kg8 45. Rd7 g5 46. Ng6
gxf4 47. Nxf4 Nc3 48. Nd5 Nxd5 49. Rxd5 Re2 50. Rxb5 Kf7 51. Kf1 Rb2 52. Ke1
Ke6 53. Kd1 Kd6 54. Kc1 Rh2 55. Kb1 Kc6 1/2-1/2

[Event "Bayern-chTT (RL Nord-West)"]
[Site "Bayern 2008/09"]
[Date "2009.02.01"]
[Round "6.3"]
[White "Ruettinger, Johannes"]
[Black "Basel, Matthias"]
[Result "1-0"]
[WhiteElo "2146"]
[BlackElo "1994"]
[PlyCount "69"]
[EventDate "2009.03.??"]
[EventType "team-tourn"]
[EventRounds "9"]
[WhiteTeam "Bindlach 2"]
[BlackTeam "Kitzingen 1"]

1. c4 Nf6 2. g3 g6 3. Bg2 Bg7 4. Nc3 d6 5. d3 O-O 6. Bg5 h6 7. Bd2 c6 8. e4
Nbd7 9. Nge2 Qb6 10. Rb1 e5 11. Be3 Qc7 12. h3 Ne8 13. Qd2 Kh7 14. O-O a5 15.
f4 c5 16. Rf2 f6 17. Rbf1 Qd8 18. g4 Nc7 19. Ng3 Qe7 20. Nd5 Nxd5 21. exd5 exf4
22. Bxf4 Ne5 23. Bxe5 fxe5 24. Rxf8 Bxf8 25. Qf2 Kg8 26. Be4 Kg7 27. Bxg6 Bxg4
28. hxg4 Kxg6 29. Nh5 Qd7 30. Qf6+ Kh7 31. Qe6 Qxe6 32. dxe6 Kg6 33. Rf7 Re8
34. Kg2 Kg5 35. Kg3 1-0

[Event "Bayern-chTT (RL Nord-West)"]
[Site "Bayern 2008/09"]
[Date "2009.02.01"]
[Round "6.4"]
[White "Hanft, Michael"]
[Black "Oehrlein, Alexander"]
[Result "1/2-1/2"]
[WhiteElo "1977"]
[BlackElo "2076"]
[PlyCount "36"]
[EventDate "2009.03.??"]
[EventType "team-tourn"]
[EventRounds "9"]
[WhiteTeam "Kitzingen 1"]
[BlackTeam "Bindlach 2"]

1. d4 Nf6 2. c4 c5 3. d5 b5 4. cxb5 a6 5. bxa6 Bxa6 6. Nc3 g6 7. e4 Bxf1 8.
Kxf1 d6 9. Nge2 Bg7 10. h3 O-O 11. Kg1 Qa5 12. Kh2 Na6 13. Rb1 Rfb8 14. Re1 Rb7
15. a3 Rab8 16. f4 Nd7 17. Qd3 Nc7 18. Rd1 Rb3 1/2-1/2

[Event "Bayern-chTT (RL Nord-West)"]
[Site "Bayern 2008/09"]
[Date "2009.02.01"]
[Round "6.5"]
[White "Pesch, Werner ProfDr"]
[Black "Kwossek, Georg"]
[Result "1/2-1/2"]
[WhiteElo "2173"]
[BlackElo "1981"]
[PlyCount "45"]
[EventDate "2009.03.??"]
[EventType "team-tourn"]
[EventRounds "9"]
[WhiteTeam "Bindlach 2"]
[BlackTeam "Kitzingen 1"]

1. e4 e6 2. d3 d5 3. Nd2 e5 4. Ngf3 Nc6 5. g3 Nf6 6. Bg2 dxe4 7. dxe4 Bc5 8.
O-O O-O 9. Qe2 Be6 10. c3 a6 11. Nc4 Nd7 12. Ng5 b5 13. Nxe6 fxe6 14. Nd2 Ba7
15. Nf3 Qe8 16. Be3 Nc5 17. Rad1 h6 18. Nd2 Rd8 19. Nb3 Na4 20. Bxa7 Nxa7 21.
Bh3 Qe7 22. Nc1 c5 23. Nd3 1/2-1/2

[Event "Bayern-chTT (RL Nord-West)"]
[Site "Bayern 2008/09"]
[Date "2009.02.01"]
[Round "6.6"]
[White "Gernert, Ingolf"]
[Black "Heimerdinger, Joerg"]
[Result "0-1"]
[WhiteElo "1971"]
[BlackElo "2022"]
[PlyCount "84"]
[EventDate "2009.03.??"]
[EventType "team-tourn"]
[EventRounds "9"]
[WhiteTeam "Kitzingen 1"]
[BlackTeam "Bindlach 2"]

1. e4 e6 2. d3 c5 3. g3 Nc6 4. Bg2 g6 5. Ne2 Bg7 6. O-O Nge7 7. c3 d5 8. Qc2
O-O 9. Rd1 d4 10. Na3 e5 11. h3 Be6 12. c4 Qd7 13. Kh2 h6 14. Rf1 f5 15. Ng1
Rf7 16. Qe2 Raf8 17. Nc2 a6 18. b3 b5 19. cxb5 axb5 20. Ba3 c4 21. bxc4 bxc4
22. Nb4 Ra8 23. Nxc6 Nxc6 24. Bc1 c3 25. f4 Ra5 26. fxe5 Nxe5 27. Bf4 g5 28.
Bxe5 Bxe5 29. Nf3 Bg7 30. Ng1 f4 31. g4 Qa7 32. Rf2 Rb7 33. Nf3 Rb2 34. Qe1
Rxf2 35. Qxf2 Rxa2 36. Rxa2 Qxa2 37. Qg1 c2 38. Nxd4 Bxd4 39. Qxd4 c1=Q 40.
Qd8+ Kf7 41. Qh8 Qcb2 42. Qxh6 Qxg2# 0-1

[Event "Bayern-chTT (RL Nord-West)"]
[Site "Bayern 2008/09"]
[Date "2009.02.01"]
[Round "6.7"]
[White "Tiller, Jaroslav"]
[Black "Degering, Florian"]
[Result "1-0"]
[WhiteElo "2051"]
[BlackElo "1990"]
[PlyCount "69"]
[EventDate "2009.03.??"]
[EventType "team-tourn"]
[EventRounds "9"]
[WhiteTeam "Bindlach 2"]
[BlackTeam "Kitzingen 1"]

1. d4 b6 2. c4 Bb7 3. Nc3 g6 4. e4 Bg7 5. Nf3 e6 6. Be2 d6 7. O-O Nf6 8. Qc2
O-O 9. h3 Nfd7 10. Be3 f5 11. exf5 exf5 12. Qd2 Re8 13. d5 Nf8 14. Bd1 Nbd7 15.
Ba4 Bf6 16. Nd4 Re7 17. Bc6 Qc8 18. Bg5 Kf7 19. Rfe1 Ne5 20. Bxf6 Kxf6 21. f4
Nxc4 22. Qf2 Ne5 23. Qh4+ Kf7 24. fxe5 dxe5 25. Bxb7 Qxb7 26. Nc6 Ree8 27.
Nxe5+ Kg8 28. Nc6 Nd7 29. Re7 Rxe7 30. Qxe7 Qc8 31. Re1 a6 32. Qg5 Qf8 33. Re7
Re8 34. Rxd7 Qc5+ 35. Kh2 1-0

[Event "Bayern-chTT (RL Nord-West)"]
[Site "Bayern 2008/09"]
[Date "2009.02.01"]
[Round "6.8"]
[White "Ferlan, Istok"]
[Black "Hennigs, Stefan"]
[Result "1-0"]
[WhiteElo "2239"]
[BlackElo "1928"]
[PlyCount "79"]
[EventDate "2009.03.??"]
[EventType "team-tourn"]
[EventRounds "9"]
[WhiteTeam "Kitzingen 1"]
[BlackTeam "Bindlach 2"]

1. d4 d5 2. Nf3 Nf6 3. Bf4 Bf5 4. e3 e6 5. Bd3 Bxd3 6. Qxd3 Nbd7 7. O-O c5 8.
c4 cxd4 9. exd4 dxc4 10. Qxc4 Be7 11. Nc3 O-O 12. Rfd1 Nb6 13. Qb3 Nfd5 14. Be5
Qd7 15. a4 a5 16. Bg3 Bb4 17. Ne5 Qe7 18. Nb5 Rac8 19. Nd3 Rfd8 20. Rac1 Rxc1
21. Rxc1 Rc8 22. Rd1 h6 23. h3 Qd7 24. Ne5 Qe7 25. Kh2 Kh8 26. f4 Kg8 27. Rf1
Nd7 28. f5 N7f6 29. Bh4 exf5 30. Rxf5 Qe6 31. Qf3 b6 32. Nd3 Be7 33. Bxf6 Nxf6
34. d5 Bd6+ 35. Kg1 Qe7 36. Kf1 Re8 37. g4 Rd8 38. Kg2 Qe4 39. Rxf6 Qc4 40.
Rxd6 1-0

[Event "Bayern-chTT (RL Nord-West)"]
[Site "Bayern 2008/09"]
[Date "2009.02.01"]
[Round "6.1"]
[White "Schindler, Viktor(58)"]
[Black "Lorenz, Mark"]
[Result "0-1"]
[WhiteElo "2161"]
[BlackElo "2248"]
[PlyCount "50"]
[EventDate "2009.03.??"]
[EventType "team-tourn"]
[EventRounds "9"]
[WhiteTeam "Hof 1"]
[BlackTeam "Marktleuthen 1"]

1. e4 d5 2. exd5 Qxd5 3. Nc3 Qa5 4. g3 Nf6 5. Bg2 c6 6. Nf3 Bf5 7. b4 Qc7 8.
O-O e6 9. b5 Bb4 10. Bb2 Bg6 11. a4 O-O 12. Ra2 Rd8 13. d3 a6 14. Qa1 Bf8 15.
Rb1 axb5 16. axb5 Rxa2 17. Qxa2 cxb5 18. Ne1 b4 19. Nb5 Qc5 20. Qa4 Ng4 21. d4
Qf5 22. Nd3 Nc6 23. h3 Nf6 24. Re1 Nd5 25. Re2 Nb6 0-1

[Event "Bayern-chTT (RL Nord-West)"]
[Site "Bayern 2008/09"]
[Date "2009.02.01"]
[Round "6.2"]
[White "Kopp, Andre"]
[Black "Hertel, Hans"]
[Result "0-1"]
[WhiteElo "2182"]
[BlackElo "2070"]
[PlyCount "68"]
[EventDate "2009.03.??"]
[EventType "team-tourn"]
[EventRounds "9"]
[WhiteTeam "Marktleuthen 1"]
[BlackTeam "Hof 1"]

1. d4 d5 2. Nf3 e6 3. g3 c5 4. Bg2 Nc6 5. O-O Qb6 6. dxc5 Bxc5 7. Nc3 Bb4 8. e4
d4 9. Ne2 e5 10. c3 dxc3 11. Nxc3 Bxc3 12. bxc3 Be6 13. Ba3 Rd8 14. Qa4 f6 15.
Rfd1 Rxd1+ 16. Qxd1 Nge7 17. Bf1 Kf7 18. Nd2 Rd8 19. Qc1 Na5 20. Rb1 Qc7 21.
Nb3 Nec6 22. Qe3 b6 23. Nxa5 Nxa5 24. Bb4 Nc4 25. Bxc4 Qxc4 26. Kg2 Rd3 27. Qe1
Bg4 28. h3 Bf3+ 29. Kh2 a5 30. Ba3 Qxa2 31. Rxb6 Qxa3 32. g4 Qxc3 33. Rb7+ Kg6
34. Qb1 Bxe4 0-1

[Event "Bayern-chTT (RL Nord-West)"]
[Site "Bayern 2008/09"]
[Date "2009.02.01"]
[Round "6.3"]
[White "Shashkin, Igor"]
[Black "Wilfert, Andre"]
[Result "1/2-1/2"]
[WhiteElo "2035"]
[BlackElo "2009"]
[PlyCount "49"]
[EventDate "2009.03.??"]
[EventType "team-tourn"]
[EventRounds "9"]
[WhiteTeam "Hof 1"]
[BlackTeam "Marktleuthen 1"]

1. e4 c5 2. Nc3 e6 3. Nf3 Nc6 4. Bb5 Nge7 5. O-O a6 6. Bxc6 Nxc6 7. d4 cxd4 8.
Nxd4 Be7 9. Be3 O-O 10. a4 Qc7 11. Qe2 d6 12. f4 Bf6 13. Rad1 Nxd4 14. Bxd4
Bxd4+ 15. Rxd4 Qb6 16. Qe3 e5 17. Rd3 Qxe3+ 18. Rxe3 exf4 19. Rxf4 Be6 20. Rd3
Rfd8 21. Rf2 Kf8 22. Rfd2 Ke7 23. Kf2 Rac8 24. b3 Rc5 25. Nd5+ 1/2-1/2

[Event "Bayern-chTT (RL Nord-West)"]
[Site "Bayern 2008/09"]
[Date "2009.02.01"]
[Round "6.4"]
[White "Kirschneck, Toralf"]
[Black "Seidel, Michael ProfDr(68)"]
[Result "1/2-1/2"]
[WhiteElo "2050"]
[BlackElo "1962"]
[PlyCount "176"]
[EventDate "2009.03.??"]
[EventType "team-tourn"]
[EventRounds "9"]
[WhiteTeam "Marktleuthen 1"]
[BlackTeam "Hof 1"]

1. d4 d6 2. g3 Nf6 3. Bg2 g6 4. c4 Bg7 5. Nc3 O-O 6. e4 e5 7. d5 a5 8. Nge2 Kh8
9. f3 Ng8 10. Be3 f5 11. Qd2 Nd7 12. h4 Ndf6 13. Bg5 Qe8 14. Nb5 Qf7 15. exf5
gxf5 16. O-O-O Ne8 17. Kb1 Ngf6 18. Ka1 c6 19. dxc6 Qxc4 20. cxb7 Bxb7 21. Na3
Qf7 22. Rc1 e4 23. Nd4 exf3 24. Bxf3 Bxf3 25. Nxf3 Ne4 26. Qe1 Bxb2+ 27. Kxb2
Rb8+ 28. Nb5 Rxb5+ 29. Ka3 Qd5 30. Qd1 Ng7 31. Qxd5 Rxd5 32. Rhd1 Rxd1 33. Rxd1
Rc8 34. Rd3 Ne6 35. Bd2 Rc4 36. Kb3 Rc8 37. Rd5 N6c5+ 38. Kc4 Nxd2+ 39. Nxd2
Ne4+ 40. Kb3 a4+ 41. Ka3 Nxg3 42. Kxa4 f4 43. Rxd6 Ne2 44. Rd7 Ra8+ 45. Kb3
Nc1+ 46. Kc4 Rxa2 47. Nf3 Rc2+ 48. Kd4 Nb3+ 49. Ke5 Nc5 50. Ra7 Nd3+ 51. Ke4
Nf2+ 52. Kxf4 Rc4+ 53. Kf5 Nd3 54. Kg5 Kg8 55. Rd7 Rc5+ 56. Kf6 Rc6+ 57. Kf5
Rc5+ 58. Ke4 Nf2+ 59. Ke3 Ng4+ 60. Kf4 Rc4+ 61. Kg5 h6+ 62. Kf5 Ne3+ 63. Ke5
Ng4+ 64. Kf5 Ne3+ 65. Kg6 Rc6+ 66. Kh5 Rf6 67. Nd2 Ng2 68. Nc4 Nf4+ 69. Kg4 Ne6
70. Ne5 Rf4+ 71. Kg3 Rf6 72. Ra7 Nf8 73. Ng4 Rg6 74. Kf4 Rb6 75. Kf5 Rb5+ 76.
Ne5 Rb6 77. h5 Ne6 78. Nd7 Ng7+ 79. Ke5 Rb5+ 80. Kf6 Nxh5+ 81. Kg6 Nf4+ 82.
Kxh6 Kf7 83. Ne5+ Ke6 84. Nf3 Rh5+ 85. Kg7 Rc5 86. Ra6+ Kd5 87. Ng5 Rc7+ 88.
Kf6 Rc6+ 1/2-1/2

[Event "Bayern-chTT (RL Nord-West)"]
[Site "Bayern 2008/09"]
[Date "2009.02.01"]
[Round "6.5"]
[White "Verlatov, Artjom"]
[Black "Nuernberger, Stefan"]
[Result "1-0"]
[WhiteElo "2043"]
[BlackElo "2051"]
[PlyCount "63"]
[EventDate "2009.03.??"]
[EventType "team-tourn"]
[EventRounds "9"]
[WhiteTeam "Hof 1"]
[BlackTeam "Marktleuthen 1"]

1. e4 d6 2. d4 Nf6 3. Nc3 g6 4. Be3 c6 5. Qd2 Nbd7 6. O-O-O Qc7 7. Bd3 b5 8. f3
Nb6 9. g4 a5 10. g5 Nh5 11. f4 Bg7 12. Rf1 b4 13. Nce2 Be6 14. Kb1 c5 15. Bb5+
Bd7 16. Bxd7+ Nxd7 17. Ng3 Nxg3 18. hxg3 Nb6 19. b3 a4 20. dxc5 dxc5 21. Qf2
Ra5 22. f5 Qe5 23. f6 axb3 24. cxb3 Qxe4+ 25. Kc1 exf6 26. Bxc5 Qc6 27. Qe2+
Kd8 28. Rd1+ Kc8 29. Kb1 Rxc5 30. Rh4 fxg5 31. Rxb4 Kb7 32. Qe7+ 1-0

[Event "Bayern-chTT (RL Nord-West)"]
[Site "Bayern 2008/09"]
[Date "2009.02.01"]
[Round "6.6"]
[White "Kuespert, Helmut"]
[Black "Urytskyy, Michael"]
[Result "0-1"]
[WhiteElo "1939"]
[BlackElo "2002"]
[PlyCount "90"]
[EventDate "2009.03.??"]
[EventType "team-tourn"]
[EventRounds "9"]
[WhiteTeam "Marktleuthen 1"]
[BlackTeam "Hof 1"]

1. e4 c5 2. b4 cxb4 3. d4 d5 4. e5 Bf5 5. Bd3 Bxd3 6. Qxd3 e6 7. Ne2 Qc7 8. O-O
Nd7 9. Be3 Rc8 10. Rc1 Qc4 11. Qd1 Ne7 12. Nd2 Qc7 13. a3 Nc6 14. axb4 Bxb4 15.
c3 Be7 16. f4 O-O 17. Nf3 Na5 18. Rcb1 b6 19. Bc1 f5 20. Ba3 Bxa3 21. Rxa3 Rf7
22. Qd3 Nf8 23. h3 Qc4 24. Qd1 Rfc7 25. Kf2 Qc6 26. g4 g6 27. Ra2 Qe8 28. Qd3
Rc4 29. Nd2 Ra4 30. Rab2 Nc4 31. Nxc4 Rcxc4 32. gxf5 exf5 33. Qf3 Qd8 34. Rb5
Ne6 35. Qxd5 Qxd5 36. Rxd5 Ra2 37. Ke3 Rxe2+ 38. Kd3 Rc7 39. Kxe2 Nxf4+ 40. Kd2
Nxd5 41. Rb3 Kf7 42. h4 Ke6 43. Kd3 Rxc3+ 44. Rxc3 Nxc3 45. Kxc3 Kd5 0-1

[Event "Bayern-chTT (RL Nord-West)"]
[Site "Bayern 2008/09"]
[Date "2009.02.01"]
[Round "6.7"]
[White "Scheidt, Joerg Dr"]
[Black "Lichtinger, Bernd"]
[Result "0-1"]
[WhiteElo "1975"]
[BlackElo "1997"]
[PlyCount "50"]
[EventDate "2009.03.??"]
[EventType "team-tourn"]
[EventRounds "9"]
[WhiteTeam "Hof 1"]
[BlackTeam "Marktleuthen 1"]

1. e4 c5 2. Nf3 d6 3. Bb5+ Nd7 4. c3 Ngf6 5. Qe2 a6 6. Ba4 b5 7. Bc2 g6 8. d4
Bg7 9. e5 dxe5 10. dxe5 Ng4 11. e6 fxe6 12. Qe4 Nxf2 13. Kxf2 Rb8 14. Bf4 e5
15. Nxe5 Nxe5 16. Bxe5 O-O+ 17. Kg3 Bf5 18. Bb3+ c4 19. Qd4 Bxe5+ 20. Qxe5 Qd3+
21. Kh4 cxb3 22. axb3 Rb6 23. Qd4 Qe2 24. g4 Rd6 25. Qb4 Qf2+ 0-1

[Event "Bayern-chTT (RL Nord-West)"]
[Site "Bayern 2008/09"]
[Date "2009.02.01"]
[Round "6.8"]
[White "Kuespert, Andre"]
[Black "Schleupner, Kurt"]
[Result "1/2-1/2"]
[WhiteElo "1694"]
[BlackElo "1877"]
[PlyCount "140"]
[EventDate "2009.03.??"]
[EventType "team-tourn"]
[EventRounds "9"]
[WhiteTeam "Marktleuthen 1"]
[BlackTeam "Hof 1"]

1. c4 Nf6 2. g3 g6 3. Nc3 Bg7 4. Bg2 O-O 5. b3 d6 6. Bb2 e5 7. e3 Re8 8. Nge2
Nc6 9. O-O Bg4 10. h3 Bd7 11. d4 a6 12. Qd2 Rb8 13. c5 dxc5 14. dxc5 Qe7 15.
Ba3 Rbd8 16. Qc2 b5 17. b4 Bf5 18. e4 Be6 19. Rfd1 Nd4 20. Nxd4 Rxd4 21. Ne2
Rdd8 22. Bb2 Bc4 23. a4 c6 24. axb5 axb5 25. Ra6 Rxd1+ 26. Qxd1 Rd8 27. Qe1 Qc7
28. f4 Nd7 29. fxe5 Nxe5 30. Nc1 Qd7 31. Bxe5 Bxe5 32. Ne2 Qc8 33. Ra7 Qb8 34.
Ra6 Qb7 35. Ra3 Ra8 36. Rxa8+ Qxa8 37. Qd1 Qa1 38. Qxa1 Bxa1 39. Kf2 Be6 40.
Ke3 Bd7 41. Nd4 Bc3 42. Nc2 Kf8 43. Kd3 Be5 44. g4 Ke7 45. Nd4 Kd8 46. Nf3 Bf4
47. Kd4 Bc1 48. e5 Kc7 49. Kd3 h6 50. Nd4 Bf4 51. e6 fxe6 52. Bxc6 Bxc6 53.
Nxe6+ Kd7 54. Nxf4 g5 55. Ng6 Bg2 56. h4 gxh4 57. Nxh4 Bh3 58. Nf5 Bxg4 59.
Nxh6 Be6 60. Ke4 Bh3 61. Nf5 Bf1 62. Kd4 Bc4 63. Nd6 Bf1 64. Nb7 Kc7 65. Na5
Bg2 66. Ke5 Bf3 67. Nb3 Be2 68. Nd4 Bf1 69. Ne6+ Kc6 70. Nd4+ Kc7 1/2-1/2

[Event "Bayern-chTT (RL Nord-West)"]
[Site "Bayern 2008/09"]
[Date "2009.02.01"]
[Round "6.1"]
[White "Schramm, Christian(73)"]
[Black "Breithut, Kurt-Georg"]
[Result "1-0"]
[WhiteElo "2261"]
[BlackElo "2126"]
[PlyCount "111"]
[EventDate "2009.03.??"]
[EventType "team-tourn"]
[EventRounds "9"]
[WhiteTeam "Obernau 1"]
[BlackTeam "Bamberg-SC 2"]

1. g3 g6 2. Bg2 d5 3. c4 c6 4. Qc2 Nf6 5. Nc3 Bg7 6. cxd5 cxd5 7. Nxd5 Nxd5 8.
Bxd5 O-O 9. Bg2 Na6 10. Nf3 Bd7 11. O-O Bc6 12. d3 Rc8 13. Qd1 Nc7 14. Rb1 Ne6
15. Be3 Nd4 16. Nxd4 Bxg2 17. Kxg2 Bxd4 18. Bxd4 Qxd4 19. Qb3 Rc7 20. Rfc1 Rfc8
21. Rc3 b6 22. Rbc1 Qd6 23. Rxc7 Rxc7 24. Rxc7 Qxc7 25. Qc4 Qd7 26. e4 h5 27.
h3 Kf8 28. d4 Qb7 29. d5 Qb8 30. Qc6 f6 31. f4 h4 32. e5 fxe5 33. Qxg6 hxg3 34.
Qh6+ Kg8 35. Qe6+ Kf8 36. fxe5 Qc7 37. Qh6+ Kg8 38. Qg5+ Kh8 39. Qh4+ Kg8 40.
Qxg3+ Kh8 41. Qc3 Qd8 42. e6+ Kh7 43. Qd3+ Kh6 44. Qe3+ Kg6 45. Qe4+ Kf6 46.
Kf3 Kg7 47. Qg4+ Kh7 48. Qf5+ Kg8 49. Qg5+ Kh7 50. Qh4+ Kg8 51. d6 Qa8+ 52. Qe4
Qf8+ 53. Qf4 Qa8+ 54. Ke3 Qd5 55. Qg4+ Kh8 56. Qd4+ 1-0

[Event "Bayern-chTT (RL Nord-West)"]
[Site "Bayern 2008/09"]
[Date "2009.02.01"]
[Round "6.2"]
[White "Schwalbe, Gerhard"]
[Black "Gietl, Thomas(72)"]
[Result "1-0"]
[WhiteElo "2032"]
[BlackElo "2176"]
[PlyCount "87"]
[EventDate "2009.03.??"]
[EventType "team-tourn"]
[EventRounds "9"]
[WhiteTeam "Bamberg-SC 2"]
[BlackTeam "Obernau 1"]

1. e4 d6 2. d4 Nf6 3. f3 g6 4. Be3 Bg7 5. Ne2 Nc6 6. Na3 e5 7. d5 Ne7 8. c4 O-O
9. Qd2 c6 10. Rc1 Ne8 11. Bh6 f5 12. Bxg7 Kxg7 13. Nc3 c5 14. Be2 Nf6 15. O-O
f4 16. Nc2 g5 17. h3 Ng6 18. Nd1 h5 19. Nf2 Rh8 20. b4 b6 21. bxc5 bxc5 22. Qc3
Bd7 23. Rb1 Qc7 24. Rb2 Rag8 25. Rfb1 Bc8 26. Na1 Rh7 27. Nb3 Kh8 28. Na5 Ne7
29. Nb7 g4 30. fxg4 hxg4 31. hxg4 Rh4 32. Qa5 Qxa5 33. Nxa5 Bxg4 34. Nxg4 Nxg4
35. Rb8 Nc8 36. Bf3 Ne3 37. R1b7 Rh6 38. Rc7 Nb6 39. Rxg8+ Kxg8 40. Rxa7 Nbxc4
41. Nxc4 Nxc4 42. a4 Rf6 43. a5 Rf8 44. a6 1-0

[Event "Bayern-chTT (RL Nord-West)"]
[Site "Bayern 2008/09"]
[Date "2009.02.01"]
[Round "6.3"]
[White "Scherer, Ralf"]
[Black "Saring, Christoph Dr"]
[Result "1/2-1/2"]
[WhiteElo "2120"]
[BlackElo "2005"]
[PlyCount "112"]
[EventDate "2009.03.??"]
[EventType "team-tourn"]
[EventRounds "9"]
[WhiteTeam "Obernau 1"]
[BlackTeam "Bamberg-SC 2"]

1. g3 d5 2. d3 Nf6 3. Bg2 e5 4. Nf3 Bd6 5. O-O O-O 6. Nc3 Bg4 7. h3 Be6 8. e4
d4 9. Ne2 h6 10. Nh4 Nh7 11. Nf5 Nc6 12. g4 Ne7 13. Nxd6 cxd6 14. f4 f6 15. c3
dxc3 16. bxc3 Qa5 17. a4 Rfd8 18. c4 Nc6 19. f5 Bf7 20. Be3 Nf8 21. h4 Nd7 22.
Rf2 Kf8 23. Bd2 Qc7 24. Nc3 Nd4 25. Nb5 Nxb5 26. axb5 a6 27. bxa6 Rxa6 28. Rxa6
bxa6 29. Bf1 Qb6 30. Qe2 Nc5 31. g5 hxg5 32. hxg5 Ke7 33. Be3 Qb1 34. Qa2 Qxa2
35. Rxa2 Ra8 36. Ra3 Bh5 37. Kf2 Ra7 38. Be2 Bxe2 39. Kxe2 Ra8 40. Kd2 Kd7 41.
Kc3 Kc6 42. Ra2 a5 43. Bc1 Rh8 44. Be3 Ra8 45. gxf6 gxf6 46. Bxc5 Kxc5 47. Rb2
a4 48. Rb5+ Kc6 49. Kb2 a3+ 50. Ka2 Ra7 51. Rb8 Kc5 52. Rb5+ Kc6 53. Rd5 Ra4
54. Rb5 Ra7 55. Rd5 Ra4 56. Rb5 Ra7 1/2-1/2

[Event "Bayern-chTT (RL Nord-West)"]
[Site "Bayern 2008/09"]
[Date "2009.02.01"]
[Round "6.4"]
[White "Bizzell, Brandon"]
[Black "Frey, Michael(77)"]
[Result "0-1"]
[WhiteElo "1916"]
[BlackElo "2058"]
[PlyCount "86"]
[EventDate "2009.03.??"]
[EventType "team-tourn"]
[EventRounds "9"]
[WhiteTeam "Bamberg-SC 2"]
[BlackTeam "Obernau 1"]

1. e4 g6 2. Nf3 Bg7 3. g3 d6 4. Bg2 c5 5. O-O Nf6 6. d3 Nc6 7. Nbd2 O-O 8. c3
Bd7 9. Re1 Rb8 10. d4 cxd4 11. cxd4 Nb4 12. Qb3 a5 13. a3 Nc6 14. d5 Na7 15.
Qe3 Nc8 16. h3 b5 17. Rb1 b4 18. Nc4 Nxe4 19. axb4 Rxb4 20. Qxe4 Bf5 21. Qe2
Bxb1 22. Bd2 Rxc4 23. Qxc4 Bf5 24. b3 Nb6 25. Qb5 a4 26. Ba5 Bd7 27. Qxb6 Qxb6
28. Bxb6 axb3 29. Bd4 b2 30. Bxg7 Kxg7 31. Rb1 Rb8 32. Nd2 Rb4 33. g4 f5 34. f3
Ba4 35. Re1 Rd4 36. Nb1 Rd1 37. Rxd1 Bxd1 38. Na3 Bc2 39. g5 b1=Q+ 40. Nxb1
Bxb1 41. f4 Be4 42. Bxe4 fxe4 43. Kf2 e6 0-1